MARC

LEADER 00000nam0a2200000 4500
001 268297
005 20231101234144.0
035 |a (RuTPU)RU\TPU\book\291448 
090 |a 268297 
100 |a 20140901d1985 km y0rusy50 ca 
101 0 |a rus 
102 |a RU 
105 |a a z 001zy 
200 1 |a Адаптивные схемы идентификации и контроля при обработке случайных сигналов  |f И. В. Семушин 
210 |a Саратов  |c Изд-во Саратовского ун-та  |d 1985 
215 |a 180 с.  |c ил. 
320 |a Библиогр.: с. 171-177. 
606 1 |a Адаптивные системы  |2 stltpush  |3 (RuTPU)RU\TPU\subj\1514  |9 30286 
610 1 |a преобразование 
610 1 |a случайные сигналы 
610 1 |a автоматическая настройка 
610 1 |a самонастройка 
610 1 |a принципиальные схемы 
610 1 |a построение 
610 1 |a динамические системы 
610 1 |a параметры 
610 1 |a контроль 
610 1 |a схемы 
610 1 |a алгоритмы 
610 1 |a синтез 
610 1 |a марковские случайные процессы 
610 1 |a идентификация 
675 |a 681.513.6  |v 3 
700 1 |a Семушин  |b И. В.  |g Иннокентий Васильевич 
801 1 |a RU  |b 63413507  |c 20140901 
801 2 |a RU  |b 63413507  |c 20160923  |g RCR 
942 |c BK